000 00315nam a22001457a 4500
008 230321b ||||| |||| 00| 0 eng d
020 _a9780923993429
041 _aeng
080 _a34
082 _a34KIN
100 _a31
101 _aJUREDIK
245 _aVOICE AND JUDGMENT
_cKINGSTON.J.R
942 _2udc
_cBK
999 _c59410
_d59410